Logo BPK

Biblioteka

Politechniki Koszalińskiej

Kontrola finansowa / (Rekord nr 27469)

Szczegóły MARC
000 -ETYKIETA REKORDU
podpole kontrolne o stałej długości 00397nam a2200157 i 4500
001 - NUMER KONTROLNY REKORDU
pole kontrolne bg
040 ## - ŹRÓDŁO KATALOGOWANIA
Instytucja, która utworzyła rekord BPK
041 ## - KOD JĘZYKA
Kod języka tekstu pol
008 - POLE O STAŁEJ DŁUGOŚCI - DANE KONTROLNE
podpole kontrolne o stałej długości s pl f |000 0 pol
100 1# - NAZWA OSOBOWA
Nazwa osobowa KUROWSKI, Leon
245 #0 - TYTUŁ/ODPOWIEDZIALNOŚĆ
Tytuł Kontrola finansowa /
Pozostałe elementy strefy tytułu i oznaczenia odpowiedzialności Leon Kurowski, Hanna Sochacka-Krysiakowa.
250 ## - STREFA WYDANIA
Oznaczenie wydania Wyd.3 uzup.
260 ## - STREFA ADRESU WYDAWNICZEGO
Miejsce wydania Warszawa,
Data publikacji, dystrybucji/powstania dokumentu 1976.
700 1# - HASŁO DODATKOWE - NAZWA OSOBOWA
Nazwa osobowa SOCHACKA-KRYSIAKOWA, Hanna
856 ## - LOKALIZACJA I DOSTĘP DO ELEKTRONICZNYCH DOKUMENTÓW ZDALNYCH
Link (URL) http://koha.tu.koszalin.pl/cgi-bin/koha/opac-detail.pl?biblionumber=27469
Tekst linku Katalog online BPK
942 ## - DODATKOWE ELEMENTY (KOHA)
Typ dokumentu Książka
Egzemplarze
Wycofany Status egzemplarza Uszkodzony Dostępność Lokalizacja stała Lokalizacja bieżąca Miejsce przechowywania Sygnatura Kod kreskowy Typ dokumentu
      Dostępny Biblioteka Politechniki Koszalińskiej Biblioteka Politechniki Koszalińskiej Wypożyczalnia BG 21216 01358483 Książka
© 2023 Biblioteka Politechniki Koszalińskiej :: KOHA